Normal view MARC view
  • FRANCIA -

Entry Nombre Geográfico

Number of records used in: 6

001 - NÚMERO DE CONTROL

  • campo de control: 9577

003 - IDENTIFICADOR DE NUMERO DE CONTROL

  • campo de control: UPN

005 - FECHA Y HORA DE LA ÜLTIMA TRANSACCIÓN

  • campo de control: 20210219193736.0

008 - DATOS DE LONGITUD FIJA

  • campo de control de longitud fija: nabaccnnaabn|||||||||| b |nc|||||d

035 ## - NÚMERO DE CONTROL

  • Número de control: UPN10000009583

040 ## - FUENTE DE CATALOGACIÓN

  • Lenguaje de catalogación: SPA
  • Agencia de transcripción: UPN

053 #4 - NÚMERO DE CLASIFICACIÓN LC

  • Elemento de número de clasificación-número único o número de inicio de tramo: DC148

151 ## - ENCABEZAMIENTO - NOMBRE GEOGRÁFICO

  • Nombre geográfico: FRANCIA -
  • Subdivisión general : HISTORIA -
  • Subdivisión cronológica : REVOLUCION, 1789-1799

670 ## - FUENTE EN LA QUE SE LOCALIZARON DATOS

  • Cita de la fuente: E

670 ## - FUENTE EN LA QUE SE LOCALIZARON DATOS

  • Información localizada: Francia - Historia - Revolución, 1789-1793

902 ## - CATALOGADOR

  • Catalogador: CAA/100999